000 00485nam a2200169Ia 4500
005 20240528010027.0
008 240331s9999 xx 000 0 und d
020 _a955915005
082 _bSOC
_a335.43
245 4 _aThe case for socalism
_bDiverse Arguments from Across the Globe
260 _aSri Lanka
_bYoung Socialist Publications
_c2004
300 _axiii, 498 p .,
650 _aSocialism
700 _aMuthiah. S. Wesley
_eedt
700 _aWanasinghe, Sydney
_eedt
942 _cL
999 _c4554
_d4554